Statistiken für Disney - 100 Charaktere erraten mit Bildern

Klicken Sie hier um das Quiz zu spielen!

Allgemein

  • Dieses Quiz wurde 1.737 mal gespielt
  • Das Durchschnittsergebnis liegt bei 48 aus 100

Antwortstatistiken

Antwort% Korrekt
Arielle
99%
Elsa
95%
Olaf
95%
Aladdin
94%
Goofy
92%
Donald Duck
91%
Mickey
91%
Rapunzel
91%
Anna
90%
Bambi
90%
Stitch
89%
Dumbo
88%
Tarzan
88%
Cinderella
87%
Lilo
87%
Kim Possible
86%
Minnie
86%
Hercules
83%
Mogli
83%
Dagobert Duck
82%
Dorie
81%
Pumbaa
81%
Pluto
80%
Merida
78%
Alice
77%
Susi
77%
Scar
75%
Lightning McQueen
74%
Timon
74%
Ursula
74%
Perry das Schnabeltier
73%
Roo
73%
Belle
71%
Baymax
66%
Buzz Lightyear
66%
Ferkel
65%
Klopfer
64%
Ralph
64%
Jane
63%
Cruella De Vil
62%
Walt Disney
61%
Hades
60%
Bolt
59%
Dr. Doofenshmirtz
59%
Flynn Rider
54%
Tiana
54%
Maleficent
51%
Shego
51%
Aurora
50%
Mike
49%
Max
48%
Triton
46%
Dschafar
45%
Fabius
44%
Hook
44%
Quasimodo
43%
Raya
41%
EVE
39%
Kaa
37%
Remy
36%
Dr. Facilier
34%
Kuzco
34%
Boo
30%
Cornelius Fillmore
30%
Mirabel
30%
Mabel
29%
Marsupilami
27%
Darkwing Duck
26%
Marie
23%
Coco
22%
T.J. Detweiler
21%
Yzma
20%
Vanellope
19%
Basil
18%
Chicken Little / Hühnchen Junior
18%
Doug Funnie
18%
Muriel Finster / Miss Finster
18%
Gundel Gaukeley
15%
Quack , der Bruchpilot
15%
Rajah
15%
Hiro Hamada
14%
Carl
13%
Roger
13%
Roger Klotz
13%
Schwabbel
13%
Ingrid
12%
Porzellinchen
12%
Trixi
11%
Claude Frollo
10%
Summi
9%
Kit Wolkenflitzer
8%
Tish Katsufrakis
8%
Grammi Gummi
6%
Herzog Igzorn
6%
Flik
5%
Rebecca Cunningham
5%
Kiki
4%
Bonkers
1%
Gale Cumulus
1%
Maurice
1%

Verteilung der Resultate

Perzentil nach korrekt beantworteten Fragen

Anzahl Personen mit jedem Resultat

Ihre Resultats-Entwicklung

Sie haben dieses Quiz noch nicht gespielt